| 000 | 00319nam a2200109 4500 | ||
|---|---|---|---|
| 999 |
_c9735 _d9735 |
||
| 008 | 180716b ||||| |||| 00| 0 eng d | ||
| 245 | _aDOH launches 'hopeline' project to prevent cases of suicide. | ||
| 260 |
_aPhilippines _bManila Bulletin _cc2016 |
||
| 300 | _apage B-13. | ||
| 650 | 0 |
_928915 _aSuicide. |
|
| 942 |
_2ddc _cPER |
||